Štúdium možností modifikácie pH-aktivitného profilu imobilizovaných enzýmov
Na minha lista:
| Autor principal: | |
|---|---|
| Outros Autores: | |
| Formato: | Manuscrito Livro |
| Idioma: | eslovaco |
| Publicado em: |
2024
|
| Assuntos: | |
| Acesso em linha: | http://is.stuba.sk/zp/portal_zp.pl?podrobnosti=158489 |
| Tags: |
Sem tags, seja o primeiro a adicionar uma tag!
|
MARC
| LEADER | 00000ntm a22000003a 4500 | ||
|---|---|---|---|
| 001 | stuzp99444 | ||
| 003 | SK-STU | ||
| 005 | 20240622210948.2 | ||
| 007 | ta | ||
| 008 | 150427s2015----xo-----f-mn---000-0-slo-d | ||
| 040 | |a STU |b slo | ||
| 041 | 0 | |a slo | |
| 100 | 1 | |a Bieliavska, Kateryna |u 044000 |4 aut |U FCHPT Fakulta chemickej a potravinárskej technológie |T FCHPT Ústav biotechnológie |X 105542 |U C4000 |Y 102 |7 105542 | |
| 242 | 0 | 1 | |a Study of the possibilities of modifying the pH-activity profile of immobilized enzymes |y eng |
| 245 | 1 | 0 | |a Štúdium možností modifikácie pH-aktivitného profilu imobilizovaných enzýmov |
| 260 | |c 2024 | ||
| 650 | 4 | |a posun optimálneho pH |2 slo | |
| 650 | 4 | |a fruktozyltransferáza |2 slo | |
| 650 | 4 | |a imobilizácia enzýmov |2 slo | |
| 650 | 4 | |a shift of optimal pH |2 eng | |
| 650 | 4 | |a immobilization of enzymes |2 eng | |
| 650 | 4 | |a fructosyltransferase |2 eng | |
| 700 | 1 | |a Štefuca, Vladimír |u 044000 |k Z1 |4 ths |U FCHPT Fakulta chemickej a potravinárskej technológie |T FCHPT Ústav biotechnológie |X 3884 |U C4000 |Y 102 |7 3884 | |
| 856 | 4 | |u http://is.stuba.sk/zp/portal_zp.pl?podrobnosti=158489 | |